000 01254nam a2200277 a 4500
001 000000875
003 DO-SdBNP
005 20260326130355.0
008 850228s1983 cl bs i000 0 spa
040 _aDO-SdBNP
_bspa
_cBNPHU
245 0 0 _aDos estudios sobre empresas transnacionales en Brasil.
260 _aSantiafo de Chile :
_bCEPAL,
_c1985
300 _a141 p. :
_bil., tabls. ;
_c23 cm.
490 0 _aEstudios e informes de la CEPAL ;
_v31
500 _a"Publicación de las Naciones Unidas, número de venta S.83.II.G.28"
500 _a "E/CEPAL/G.1259, septiembre de 1983"- Contracubierta
504 _aIncluye bibliografía.
505 1 _aEmpresas transnacionales y el comercio exterior de Brasil -- La presencia de las empresas transnacionales en Brasil.
650 7 _aEmpresas internacionales
_zBrasil
_947948
_2LIBRUNAM
650 7 _aEmpresas internacionales
_zBrasil
_vEstadisticas
_989045
650 7 _aInversiones extranjeras
_zBrasil
_vEstadísticas
_948296
_2LIBRUNAM
710 2 _aNaciones Unidas.
_bComisión Económica para América Latina.
_93104
710 2 _aCentro de las Transnacionales de las Naciones Unidas.
_93105
710 2 _aUnidad Conjunta CEPAL / CET sobre Empresas Transnacionales.
_93106
942 _2ddc
_cLBS1
999 _c870
_d870